Las empresas multinacionales / (Registro nro. 146929)

Detalles MARC
000 -LEADER
campo de control de longitud fija 00644nam a2200205 i 4500
001 - NÚMERO DE CONTROL
campo de control 146929
003 - IDENTIFICADOR DE NÚMERO DE CONTROL
campo de control ES-MaACL
005 - FECHA Y HORA DE LA ÚLTIMA TRANSACCIÓN
campo de control 20230906201733.0
007 - CAMPO FIJO DE DESCRIPCIÓN FÍSICA--INFORMACIÓN GENERAL
campo de control de longitud fija t|
008 - DATOS DE LONGITUD FIJA--INFORMACIÓN GENERAL
campo de control de longitud fija 070919s1973 sp ||||1| spa d
080 ## - NÚMERO DE LA CLASIFICACIÓN DECIMAL UNIVERSAL
Número de la Clasificación Decimal Universal 338.962(100)
100 1# - ENTRADA PRINCIPAL--NOMBRE DE PERSONA
Nombre de persona Tugendhat, Christopher.
9 (RLIN) 111656
245 14 - MENCIÓN DEL TÍTULO
Título Las empresas multinacionales /
Mención de responsabilidad, etc. Christopher Tugendhat ; [traductores, Antonio Masieu y Carmen Vergara].
260 ## - PUBLICACIÓN, DISTRIBUCIÓN, ETC.
Lugar de publicación, distribución, etc. Madrid :
Nombre del editor, distribuidor, etc. Alianza,
Fecha de publicación, distribución, etc. [1973]
300 ## - DESCRIPCIÓN FÍSICA
Extensión 304 p. :
Otras características físicas il. ;
Dimensiones 18 cm.
650 14 - PUNTO DE ACCESO ADICIONAL DE MATERIA--TÉRMINO DE MATERIA
Término de materia o nombre geográfico como elemento de entrada Multinacionales.
9 (RLIN) 15352
700 1# - ENTRADA AGREGADA--NOMBRE PERSONAL
Nombre de persona Masieu, Antonio.
9 (RLIN) 78721
700 1# - ENTRADA AGREGADA--NOMBRE PERSONAL
Nombre de persona Vergara, Carmen.
9 (RLIN) 114082
852 ## - LOCALIZACIÓN
Ubicación ES-MaACL
Número de control de estantería C-53370
Sublocalización o colección R.86408
Existencias
Estatus retirado Estado de pérdida Estado de daño No para préstamo Biblioteca de origen Biblioteca actual Ubicación en estantería Fecha de adquisición Fuente de adquisición Total de préstamos Signatura topográfica completa Código de barras Visto por última vez Precio de reemplazo Tipo de ítem Koha
        Biblioteca del Ateneo de Madrid Biblioteca del Ateneo de Madrid Depósito 2 17/01/2008     C-53370 1153341 23/02/2023 23/02/2023 Libro impreso